| 000 | 00521nam a2200193Ia 4500 | ||
|---|---|---|---|
| 003 | IN-BaIIA | ||
| 008 | 211028s9999 xx 000 0 eng d | ||
| 020 | _a3-540-05383-2 | ||
| 040 | _cIIA Library | ||
| 080 |
_a524.83 _bSPR |
||
| 245 | 0 |
_aSpringer tracts in modern physics _bvol. 58 _cedited by G. Hohler |
|
| 260 |
_aBerlin _bSpringer-Verlag _c1971 |
||
| 300 | _a265p. | ||
| 650 |
_aAstrophysics _9794 |
||
| 650 |
_aModern physics _91851 |
||
| 650 | _aNASA thesaurus | ||
| 700 |
_aHohler, G., eds. _97370 |
||
| 942 | _cBK | ||
| 999 |
_c4194 _d4194 |
||